Vista normal
Vista MARC
Entrada Nombre personal
Número de registros utilizados en: 1
001 - NÚMERO DE CONTROL
- campo de control: 86952
003 - IDENTIFICADOR DEL NÚMERO DE CONTROL
- campo de control: DO-SdBNP
005 - FECHA Y HORA DE LA ÚLTIMA TRANSACCIÓN
- campo de control: 20250210095635.0
008 - DATOS DE LONGITUD FIJA
- campo de control de longitud fija: 250210|| aca||aabn | a|a d
040 ## - FUENTE DE LA CATALOGACIÓN
- Centro catalogador/agencia de origen: DO-SdBNP
- Lengua de catalogación: Spa
- Centro/agencia transcriptor: DO-SdBNP
- Normas de descripción: rda
043 ## - CÓDIGO DE ÁREA GEOGRÁFICA
- Código de área geográfica: dr
100 ## - ENCABEZAMIENTO-NOMBRE DE PERSONA
- Nombre de persona: Ovalles, Rafael
370 ## - LUGAR ASOCIADO
- País asociado: Santo Domingo, República Dominicana
372 ## - CAMPO DE ACTIVIDAD
- Campo de actividad: Director
373 ## - GRUPO ASOCIADO
- Grupo asociado: Instituto de Formación Técnico Profesional (INFOTEP).
374 ## - OCUPACIÓN
- Ocupación: Periodista
375 ## - GÉNERO/SEXO
- Género/Sexo: Masculino
400 ## - TRAZADO DE VÉASE--NOMBRE DE PERSONA
- Código de relación: Ovalles Rodríguez, Rafael Antonio
678 ## - DATOS BIOGRÁFICOS O HISTÓRICOS
- Datos biográficos o históricos: El presidente Danilo Medina nombró, la tarde de este lunes, al periodista Rafael Antonio Ovalles Rodríguez, como director nuevo del Instituto de Formación Técnico Profesional (INFOTEP). La medida del Poder Ejecutivo, está contenida en el decreto 328-14. Rafael Antonio Ovalles Rodríguez, desde el ascenso al poder del Primer Mandatario, el 16 de agosto de 2012, ocupaba la posición de subdirector general de Comunicación de la Presidencia de la República. Además de sus labores como periodista en diferentes medios de comunicación del país, el nuevo director del INFOTEP, ha desempeñado varios cargos en la administración pública.
